| 000 | 00531nam a2200193Ia 4500 | ||
|---|---|---|---|
| 003 | OSt | ||
| 005 | 20260226155303.0 | ||
| 008 | 210210b1970 xxu||||| |||| 00| 0 eng d | ||
| 040 | _cAL | ||
| 041 | _aHindi | ||
| 082 | _a861/66 | ||
| 100 |
_aGUPTA (Maithilisharan) _dगुप्त (मैथिलीशरण) _9256918 |
||
| 245 |
_aSairandhri _bसैरंध्री |
||
| 260 |
_aChirganv _bSahity Sadhan _c1970 |
||
| 650 |
_aSairandhri _9256919 |
||
| 690 |
_aHindi Poetry _9256920 |
||
| 906 | _a023087 | ||
| 942 |
_2ddc _cBK |
||
| 999 |
_c147980 _d147980 |
||